BIBLIOTHÈQUE DE LA MAISON DU MEXIQUE

Logo 1 Logo 2

Nace un museo (notice nᵒ 9279)

détails MARC
000 -Sello discográfico
campo de control de longitud fija 01270nam a2200397 4500
005 - Identificación de versión
campo de control 20251016085149.0
010 ## - Número Estándar Internacional de Libros (ISBN)
Número (ISBN) 968-423-461-9
099 ## - fechas locales
Tipo de ítem Koha LIBRO
100 ## - Datos de procesamiento general
Datos de procesamiento general 20030718d2004 m y1spay5003 ba
105 ## - Campo de datos codificados: Material textual, monográfico
Datos codificados de monografía a 001zy
200 1# - Título y mención de responsabilidad
Título propio Nace un museo
Designación general del material texto impreso
Primer mención de responsabilidad Textos José Pinto Mazal, Gerardo Traeger M., María Isabel Saldaña Villarreal, ... [et. al]
Declaración de responsabilidad subsiguiente fotografía Gerardo Sutter, Javier Hinojosa
205 ## - Declaración de edición
Declaración de edición 1a ed
210 ## - Publicación, distribución, etc.
Lugar de publicación, distribución, etc. México
Nombre del editor, distribuidor, etc. Editorial Jus
Fecha de publicación, distribución, etc. 2004
215 ## - Descripción física
Designación de material específico y extensión del ítem 629 p
Otras características físicas principalmente fot.
Dimensiones 30 cm
300 ## - Notas generales
Texto de la nota Incluye identificación de imágenes
318 ## - Nota de acción
Acción No se presta a domicilio
345 ## - Nota de información de adquisición
Fuente de adquisición/dirección de la suscripción [OBSOLETO] Donación Alain Le Gourriérec
606 ## - Término temático usado como materia
Elemento de entrada Museos de arte
Número Koha 15648
702 ## - Nombre personal - Responsabilidad secundaria
Elemento de entrada Hinojosa
Parte del nombre distinta del elemento de entrada Javier
Fechas 1956-
Número Koha 1210
702 ## - Nombre personal - Responsabilidad secundaria
Elemento de entrada Pinto Mazal
Parte del nombre distinta del elemento de entrada José
Número Koha 15649
702 ## - Nombre personal - Responsabilidad secundaria
Elemento de entrada Saldaña Villarreal
Parte del nombre distinta del elemento de entrada María Isabel
Número Koha 15650
702 ## - Nombre personal - Responsabilidad secundaria
Elemento de entrada Suter
Parte del nombre distinta del elemento de entrada Gerardo
Fechas 1957-
Número Koha 10216
702 ## - Nombre personal - Responsabilidad secundaria
Elemento de entrada Traeger Mendoza
Parte del nombre distinta del elemento de entrada Gerardo
Fechas 1962-
Número Koha 15651
801 #0 - Fuente de origen
Agencia cm
900 ## -
-- 1/3842
900 ## -
-- 7100315589\180703
942 ## - ELEMENTOS DE ENTRADA SECUNDARIOS (KOHA)
Tipo de ítem Koha Livre
996 ## -
-- MEX
-- 751145101
-- MMAG
-- 001545
-- F069.22 N32
-- 20200717LIV
Exemplaires
Estatus retirado Estado de daño Estado de pérdida Fecha de adquisición Biblioteca de origen Biblioteca actual Ubicación en estantería Código de barras Precio de reemplazo Signatura topográfica completa No para préstamo Tipo de ítem Koha Nota pública Nota no pública
      05/08/2025 Casa México Paris Casa México Paris   001545 05/08/2025 F069.22 N32 No se presta a domicilio Livre 20200717LIV 751145101